000 01288nam a22002297a 4500
999 _c59357
_d59357
003 Ge_BSU
005 20230130114813.0
008 230130s2004 ge ||||| |||| 00| 0 geo d
020 _a9994071467
041 _ageo
080 _a070(075.8) მ-48
245 _aმედიის თვითრეგულირების ქრესტომათია :
_b[სახელმძღვ. უმაღლ. სასწ. ჟურნალისტიკის ფაკ. სტუდ. /
_cშემდგ. და რედ.: თამარ კინწურაშვილი ; თარგმანი: მანანა გიგაური და სხვ.] ; თავისუფლების ინ-ტი.
264 _aთბილისი,
_c 2004.
300 _a244 გვ. ;
_b20 სმ.
653 _aჟურნალისტიკის სახელმძღვანელოები
653 _aმედია
654 _a
700 _aკინწურაშვილი, თამარ
_eშემდგენელი
_9238
700 _aგიგაური, მანანა
_eმთარგმნელი
_93295
710 _aთავისუფლების ინ-ტი (თბილისი)
_916819
942 _2udc
_cBK